[Event "Novi Sad-Turkey"]
[Site "Novi Sad"]
[Date "2018.11.20"]
[Round "5"]
[White "Sahin, Ozgun"]
[Black "Jevtic, Miodrag"]
[Result "1-0"]
[WhiteElo "2208"]
[BlackElo "2340"]
[PlyCount "49"]
[EventDate "2018.11.17"]
[EventType "schev"]
[EventRounds "10"]
[EventCountry "SRB"]
[SourceTitle "CBM 187 Extra"]
[Source "ChessBase"]
[SourceDate "2018.11.04"]
[SourceVersion "1"]
[SourceVersionDate "2018.11.04"]
[SourceQuality "1"]

1. e4 e5 2. Nc3 d6 3. g3 Nc6 4. Bg2 g6 5. Nge2 Bg7 6. 0-0 Nge7 7. d3 0-0 8. f4 f5 9. Be3 Nd4 10. Qd2 Nxe2+ 11. Nxe2 fxe4 12. Bxe4 d5 13. Bg2 exf4 14. Nxf4 Bxb2 15. Rab1 Bg7 16. Bc5 c6 17. Rbe1 Rf7 18. Nh5 Nf5 19. Nxg7 Kxg7 20. g4 b6 21. Ba3 Nh6 22. Qc3+ d4 23. Qxc6 Rb8 24. Rxf7+ Nxf7 25. Re8 1-0

[Event "SRB-chT"]
[Site "Valjevo"]
[Date "2018.09.08"]
[Round "9.4"]
[White "Vratonjic, Slobodan"]
[Black "Jevtic, Miodrag"]
[Result "1/2-1/2"]
[WhiteElo "2402"]
[BlackElo "2343"]
[PlyCount "130"]
[EventDate "2018.08.31"]
[EventType "team-tourn"]
[EventRounds "11"]
[EventCountry "SRB"]
[SourceTitle "CBM 186 Extra"]
[Source "ChessBase"]
[SourceDate "2018.08.24"]
[SourceVersion "1"]
[SourceVersionDate "2018.08.24"]
[SourceQuality "1"]
[WhiteTeam "Gornji Milanovac Metalac"]
[BlackTeam "Novi Sad"]
[WhiteTeamCountry "SRB"]
[BlackTeamCountry "SRB"]

1. e4 d6 2. d4 Nf6 3. Nc3 e5 4. Nge2 exd4 5. Nxd4 Be7 6. Be2 0-0 7. 0-0 Re8 8. f4 Bf8 9. Bf3 Na6 10. Nb3 c6 11. g4 d5 12. exd5 Nxd5 13. Nxd5 cxd5 14. Qxd5 Qxd5 15. Bxd5 Nb4 16. Bf3 Nxc2 17. Rb1 a5 18. Bd2 a4 19. Na5 Bc5+ 20. Kh1 Be3 21. Bc3 h5 22. h3 hxg4 23. hxg4 Ra6 24. f5 Rh6+ 25. Kg2 b6 26. Nc6 Ba6 27. Rh1 Bf4 28. Rxh6 gxh6 29. Nd4 Bd3 30. Nxc2 Bxc2 31. Rf1 Bg5 32. Rf2 Bd3 33. Bc6 Be4+ 34. Bxe4 Rxe4 35. Kg3 b5 36. a3 Kh7 37. Rf3 h5 38. gxh5 Kh6 39. Rd3 Kxh5 40. Rd5 Rg4+ 41. Kf3 Rf4+ 42. Ke2 Kg4 43. Rxb5 Rf3 44. Rb4+ Rf4 45. Kd3 Be7 46. Rb7 Bc5 47. Be5 Rxf5 48. Ke4 Rf2 49. Rc7 f5+ 50. Kd5 Be3 51. Rc4+ f4 52. Rxa4 Kf5 53. Bxf4 Bxf4 54. b4 Rd2+ 55. Kc6 Ke6 56. b5 Rc2+ 57. Kb7 Bd6 58. Ra6 Rc7+ 59. Kb6 Kd7 60. a4 Bc5+ 61. Ka5 Ra7 62. Rxa7+ Bxa7 63. Ka6 Bc5 64. Kb7 Bb4 65. b6 Ba5 1/2-1/2

[Event "SRB-chT"]
[Site "Valjevo"]
[Date "2018.09.07"]
[Round "8.4"]
[White "Jevtic, Miodrag"]
[Black "Lukovic, Vladimir"]
[Result "1/2-1/2"]
[WhiteElo "2343"]
[BlackElo "2439"]
[PlyCount "112"]
[EventDate "2018.08.31"]
[EventType "team-tourn"]
[EventRounds "11"]
[EventCountry "SRB"]
[SourceTitle "CBM 186 Extra"]
[Source "ChessBase"]
[SourceDate "2018.08.24"]
[SourceVersion "1"]
[SourceVersionDate "2018.08.24"]
[SourceQuality "1"]
[WhiteTeam "Novi Sad"]
[BlackTeam "Subotica Spartak"]
[WhiteTeamCountry "SRB"]
[BlackTeamCountry "SRB"]

1. e4 e5 2. Nc3 Nf6 3. Nf3 Nc6 4. Bb5 Bb4 5. 0-0 0-0 6. Nd5 Nxd5 7. exd5 e4 8. dxc6 dxc6 9. Be2 exf3 10. Bxf3 Qf6 11. d4 Be6 12. c3 Bd6 13. Re1 Rad8 14. Be3 Rfe8 15. g3 Qf5 16. Bg2 Bd5 17. Bxd5 cxd5 18. Kg2 Re4 19. f3 Re6 20. Qb1 Qh5 21. Qd3 b6 22. Bd2 Qg6 23. Qxg6 Rxg6 24. a4 h5 25. Re2 Re6 26. Rae1 Rxe2+ 27. Rxe2 f6 28. g4 Kf7 29. h3 c5 30. gxh5 cxd4 31. cxd4 Rc8 32. h6 gxh6 33. Bxh6 Rc4 34. b3 Rc3 35. Re3 Rc2+ 36. Kf1 Rh2 37. Rd3 Rxh3 38. Bd2 Rh2 39. Ke1 Kg6 40. Kd1 Kf5 41. Be1 Rb2 42. Bd2 Ra2 43. Be1 Kf4 44. Bd2+ Kg3 45. Be1+ Kg2 46. Re3 Ra3 47. Re6 Bg3 48. Bxg3 Kxg3 49. Rxf6 Rxb3 50. Ke2 Ra3 51. Rf5 Rxa4 52. Rxd5 Kf4 53. Rd7 Kf5 54. Kd3 Ra3+ 55. Kc4 Ke6 56. Rh7 Rxf3 1/2-1/2

[Event "SRB-chT"]
[Site "Ruma"]
[Date "2017.09.05"]
[Round "5.6"]
[White "Ivic, Matija"]
[Black "Jevtic, Miodrag"]
[Result "1/2-1/2"]
[WhiteElo "2300"]
[BlackElo "2355"]
[PlyCount "38"]
[EventDate "2017.09.01"]
[EventType "team-tourn"]
[EventRounds "11"]
[EventCountry "SRB"]
[SourceTitle "CBM 180 Extra"]
[Source "ChessBase"]
[SourceDate "2017.10.06"]
[SourceVersion "1"]
[SourceVersionDate "2017.10.06"]
[SourceQuality "1"]
[WhiteTeam "Paracin OSK"]
[BlackTeam "Novi Sad CC"]
[WhiteTeamCountry "SRB"]
[BlackTeamCountry "SRB"]

1. c4 Nf6 2. d4 e6 3. g3 Bb4+ 4. Nd2 0-0 5. Bg2 d5 6. Qc2 b6 7. Ngf3 Bb7 8. a3 Be7 9. 0-0 c5 10. Rd1 Qc8 11. b3 cxd4 12. Nxd4 Nc6 13. Nxc6 Bxc6 14. Bb2 dxc4 15. Bxc6 Qxc6 16. Qxc4 Qxc4 17. Nxc4 Rfd8 18. Ne5 Rxd1+ 19. Rxd1 Rc8 1/2-1/2

[Event "Serbia-chT"]
[Site "Zlatibor"]
[Date "2006.09.03"]
[Round "9"]
[White "Jevtic, Miodrag"]
[Black "Nestorovic, Dejan"]
[Result "1/2-1/2"]
[WhiteElo "2311"]
[BlackElo "2401"]
[PlyCount "109"]
[EventDate "2006.08.26"]
[EventType "team"]
[EventRounds "9"]
[EventCountry "YUG"]
[SourceTitle "EXT 2007"]
[Source "ChessBase"]
[SourceDate "2006.11.23"]
[SourceVersion "1"]
[SourceVersionDate "2006.11.23"]
[SourceQuality "1"]

1. Nf3 Nf6 2. g3 c5 3. Bg2 Nc6 4. 0-0 e6 5. d4 d5 6. c4 dxc4 7. Qa4 Bd7 8. Qxc4 cxd4 9. Nxd4 Rc8 10. Bxc6 Bxc6 11. Nxc6 Rxc6 12. Qb3 Qc8 13. Nc3 a6 14. Bg5 Be7 15. Rad1 0-0 16. Rd3 h6 17. Be3 b5 18. a3 Nd7 19. Bd4 Rc4 20. Rfd1 Nc5 21. Bxc5 Qxc5 22. Nb1 Rc8 23. Nd2 a5 24. Rd7 Rd4 25. Rxd4 Qxd4 26. Nf3 Qc5 27. Qd3 Bf6 28. b4 axb4 29. axb4 Qc4 30. Nd2 Qxd3 31. exd3 Rc2 32. Ne4 Bd4 33. Rd2 Rc1+ 34. Kg2 Rb1 35. Rc2 f5 36. Nc5 e5 37. Na6 Kf7 38. h3 h5 39. f3 g5 40. g4 Rg1+ 41. Kh2 hxg4 42. hxg4 f4 43. Nc7 Rg3 44. Nxb5 Rxf3 45. Nxd4 exd4 46. b5 Rxd3 47. Rb2 Rc3 48. b6 Rc8 49. b7 Rb8 50. Kg2 Ke6 51. Kf3 Kd5 52. Rb5+ Kc4 53. Rxg5 Rxb7 54. Kxf4 d3 55. Ke3 1/2-1/2

[Event "Borovo op"]
[Site "Borovo"]
[Date "2003.??.??"]
[Round "8"]
[White "Jevtic, Miodrag"]
[Black "Szuhanek, Ranko"]
[Result "1/2-1/2"]
[WhiteElo "2325"]
[BlackElo "2436"]
[PlyCount "27"]
[EventDate "2003.??.??"]
[EventType "swiss"]
[EventRounds "9"]
[EventCountry "CRO"]
[SourceTitle "EXT 2005"]
[Source "ChessBase"]
[SourceDate "2004.11.15"]
[SourceVersion "1"]
[SourceVersionDate "2004.11.15"]
[SourceQuality "1"]

1. d4 Nf6 2. c4 e6 3. Nc3 Bb4 4. Qc2 c5 5. dxc5 0-0 6. a3 Bxc5 7. Nf3 b6 8. Bg5 Bb7 9. Rd1 Bxf3 10. gxf3 Nc6 11. e3 Be7 12. Be2 Ne8 13. Bf4 f5 14. Rg1 1/2-1/2

[Event "Borovo op"]
[Site "Borovo"]
[Date "2003.??.??"]
[Round "7"]
[White "Mrkonjic, Nenad"]
[Black "Jevtic, Miodrag"]
[Result "1/2-1/2"]
[WhiteElo "2399"]
[BlackElo "2325"]
[PlyCount "32"]
[EventDate "2003.??.??"]
[EventType "swiss"]
[EventRounds "9"]
[EventCountry "CRO"]
[SourceTitle "EXT 2005"]
[Source "ChessBase"]
[SourceDate "2004.11.15"]
[SourceVersion "1"]
[SourceVersionDate "2004.11.15"]
[SourceQuality "1"]

1. d4 Nf6 2. Nf3 g6 3. g3 Bg7 4. Bg2 0-0 5. 0-0 d5 6. h4 Nc6 7. Bg5 Bg4 8. c3 e6 9. Nbd2 h6 10. Bxf6 Bxf6 11. e3 Bxf3 12. Nxf3 Ne7 13. Re1 Rc8 14. Qb3 b6 15. a4 c5 16. dxc5 bxc5 1/2-1/2

[Event "HUN-chT3 9900"]
[Site "Hungary"]
[Date "2000.01.23"]
[Round "6"]
[White "Jevtic, Miodrag"]
[Black "Papp, Laszlo"]
[Result "1-0"]
[WhiteElo "2321"]
[BlackElo "2143"]
[PlyCount "49"]
[EventDate "1999.09.26"]
[EventType "team"]
[EventRounds "11"]
[EventCountry "HUN"]
[SourceTitle "EXT 2002"]
[Source "ChessBase"]
[SourceDate "2001.11.25"]
[SourceVersion "1"]
[SourceVersionDate "2001.11.25"]
[SourceQuality "1"]

1. e4 e6 2. d4 d5 3. Nd2 Nf6 4. Bd3 c5 5. e5 Nfd7 6. c3 Nc6 7. Ngf3 Qb6 8. 0-0 cxd4 9. cxd4 Nxd4 10. Nxd4 Qxd4 11. Nf3 Qb6 12. Qa4 Qb4 13. Qc2 Nc5 14. Bd2 Qg4 15. h3 Qh5 16. Bb5+ Bd7 17. Bxd7+ Kxd7 18. b4 Ne4 19. Rac1 Be7 20. Qc7+ Ke8 21. Qxb7 Rd8 22. Rc7 Bf6 23. exf6 gxf6 24. Bh6 Qxh6 25. Rxf7 1-0

[Event "Vrsac op"]
[Site "Vrsac"]
[Date "2000.??.??"]
[Round "3.16"]
[White "Jevtic, Miodrag"]
[Black "Bodiroga, Predrag"]
[Result "1/2-1/2"]
[WhiteElo "2355"]
[BlackElo "2433"]
[PlyCount "57"]
[EventDate "2000.07.??"]
[EventType "swiss"]
[EventRounds "9"]
[EventCountry "YUG"]
[SourceTitle "EXT 2001"]
[Source "ChessBase"]
[SourceDate "2000.11.22"]
[SourceVersion "1"]
[SourceVersionDate "2000.11.22"]
[SourceQuality "1"]

1. e4 c6 2. d4 d5 3. exd5 cxd5 4. c4 Nf6 5. Nc3 e6 6. cxd5 Nxd5 7. Nf3 Bb4 8. Bd2 Nc6 9. Bd3 0-0 10. 0-0 Be7 11. Qc2 Ndb4 12. Qb1 Nxd3 13. Qxd3 Nb4 14. Qe4 Bd7 15. Ne5 Bc6 16. Nxc6 bxc6 17. Rac1 Rc8 18. Rfd1 Nd5 19. Qe2 Qb6 20. Be3 Rfd8 21. Na4 Qb5 22. Rc4 Nb6 23. Nxb6 axb6 24. Rdc1 Ra8 25. b3 h6 26. h3 c5 27. dxc5 bxc5 28. Qc2 Rd5 29. Bxc5 1/2-1/2

[Event "Srbia-chT"]
[Site "Jahorina"]
[Date "2000.??.??"]
[Round "?"]
[White "Jevtic, Miodrag"]
[Black "Tosic, Miroslav"]
[Result "1/2-1/2"]
[WhiteElo "2350"]
[BlackElo "2503"]
[PlyCount "47"]
[EventDate "2000.??.??"]
[EventType "team"]
[EventRounds "8"]
[EventCountry "YUG"]
[SourceTitle "EXT 2001"]
[Source "ChessBase"]
[SourceDate "2000.11.22"]
[SourceVersion "1"]
[SourceVersionDate "2000.11.22"]
[SourceQuality "1"]

1. e4 g6 2. d4 Bg7 3. Nc3 d6 4. Nf3 Nf6 5. Bc4 0-0 6. Qe2 c6 7. h3 b5 8. Bd3 b4 9. Nd1 Nbd7 10. 0-0 e5 11. dxe5 dxe5 12. a3 bxa3 13. Rxa3 Nh5 14. Be3 Nb6 15. Nc3 Nf4 16. Bxf4 exf4 17. e5 Be6 18. Qe4 Nd5 19. Nxd5 Bxd5 20. Qxf4 Qb6 21. c4 Qxb2 22. Ra6 Bxf3 23. Qxf3 c5 24. Rfa1 1/2-1/2

[Event "Srbia-chT"]
[Site "Jahorina"]
[Date "2000.??.??"]
[Round "?"]
[White "Milanovic, Danilo"]
[Black "Jevtic, Miodrag"]
[Result "1-0"]
[WhiteElo "2378"]
[BlackElo "2350"]
[PlyCount "99"]
[EventDate "2000.??.??"]
[EventType "team"]
[EventRounds "8"]
[EventCountry "YUG"]
[SourceTitle "EXT 2001"]
[Source "ChessBase"]
[SourceDate "2000.11.22"]
[SourceVersion "1"]
[SourceVersionDate "2000.11.22"]
[SourceQuality "1"]

1. d4 Nf6 2. c4 g6 3. Nc3 d5 4. Nf3 Bg7 5. Qb3 dxc4 6. Qxc4 0-0 7. e4 Na6 8. Be2 c5 9. d5 e6 10. 0-0 exd5 11. exd5 Bf5 12. Bf4 Re8 13. Rad1 Ne4 14. Nb5 g5 15. Be3 h6 16. Qb3 Qb6 17. Nd2 Nxd2 18. Rxd2 Rad8 19. Rc1 Bd7 20. d6 Re4 21. Nc3 Qxb3 22. axb3 Rb4 23. Bc4 b5 24. Bd5 c4 25. bxc4 bxc4 26. Bxa7 Be6 27. Bxe6 fxe6 28. f3 Rb7 29. Be3 Nb4 30. Ne4 Nd5 31. Bf2 Bxb2 32. Rxc4 Be5 33. Rd1 Bxd6 34. Rc6 Rbd7 35. h4 gxh4 36. Bxh4 Be7 37. Bxe7 Rxe7 38. Nc5 Kf7 39. Re1 Nf4 40. Re4 e5 41. Rxh6 Rd1+ 42. Kh2 Kg7 43. Rh4 Ng6 44. Rhg4 Kf6 45. Re2 Rh7+ 46. Kg3 Nf4 47. Ne4+ Ke6 48. Ra2 Nh5+ 49. Kf2 Rhd7 50. Rg5 1-0

[Event "Bucharest Cup IM"]
[Site "Bucharest"]
[Date "1998.??.??"]
[Round "?"]
[White "Burnoiu, Nicolae Costel"]
[Black "Jevtic, Miodrag"]
[Result "1-0"]
[WhiteElo "2230"]
[BlackElo "2350"]
[PlyCount "72"]
[EventDate "1998.12.??"]
[EventType "tourn"]
[EventRounds "14"]
[EventCountry "ROU"]
[EventCategory "3"]
[SourceTitle "EXT 2000"]
[Source "ChessBase"]
[SourceDate "1999.11.16"]
[SourceVersion "1"]
[SourceVersionDate "1999.11.16"]
[SourceQuality "1"]

1. e4 e5 2. Nf3 Nc6 3. Bc4 Bc5 4. 0-0 d6 5. c3 Qe7 6. b4 Bb6 7. d3 h6 8. Nbd2 Qf6 9. a4 a6 10. Bb3 Nge7 11. Nc4 Ba7 12. b5 Nd8 13. d4 Ng6 14. dxe5 dxe5 15. bxa6 0-0 16. axb7 Nxb7 17. Ne3 c6 18. Qc2 Na5 19. Ba2 Bc5 20. Re1 Nf4 21. Nf5 Rd8 22. Bxf4 exf4 23. N5d4 Bxd4 24. cxd4 Bg4 25. Ne5 Bh5 26. Qc5 f3 27. gxf3 Qg5+ 28. Ng4 Bxg4 29. Qxg5 hxg5 30. fxg4 Rxd4 31. Re3 Rb8 32. Rf3 Rb7 33. Rf5 Ra7 34. Bxf7+ Rxf7 35. Rxa5 Rxe4 36. Rxg5 Rff4 1-0

[Event "Bucharest Cup IM"]
[Site "Bucharest"]
[Date "1998.??.??"]
[Round "?"]
[White "Slovineanu, Viacheslav"]
[Black "Jevtic, Miodrag"]
[Result "0-1"]
[WhiteElo "2440"]
[BlackElo "2350"]
[PlyCount "82"]
[EventDate "1998.12.??"]
[EventType "tourn"]
[EventRounds "14"]
[EventCountry "ROU"]
[EventCategory "3"]
[SourceTitle "EXT 2000"]
[Source "ChessBase"]
[SourceDate "1999.11.16"]
[SourceVersion "1"]
[SourceVersionDate "1999.11.16"]
[SourceQuality "1"]

1. e4 c5 2. Nc3 Nc6 3. f4 g6 4. Nf3 Bg7 5. Bb5 Nd4 6. Nxd4 cxd4 7. Ne2 Qa5 8. Bd3 d6 9. 0-0 Nf6 10. c3 dxc3 11. bxc3 0-0 12. Qe1 Qa4 13. Nd4 Nd7 14. Nb3 Nc5 15. Bc2 Qa6 16. Qe3 Nxb3 17. Bxb3 Bd7 18. d4 Bb5 19. Rf3 Rac8 20. Bd2 Ba4 21. Rd1 Bxb3 22. axb3 Qb6 23. f5 Qxb3 24. Qf4 Qc2 25. g4 e5 26. Qe3 exd4 27. cxd4 Rfe8 28. Re1 Qb2 29. f6 Bf8 30. Bc3 Qb3 31. h4 b5 32. h5 b4 33. hxg6 Rxc3 34. gxh7+ Kxh7 35. Rh3+ Kg6 36. Qf4 Rxh3 37. Qf5+ Kh6 38. g5+ Kh5 39. g6+ Kh6 40. Qf4+ Kxg6 41. Re2 Kh7 0-1

[Event "HUN-chT2 9495"]
[Site "Hungary"]
[Date "1995.??.??"]
[Round "?"]
[White "Videki, Sandor"]
[Black "Jevtic, Miodrag"]
[Result "1/2-1/2"]
[WhiteElo "2455"]
[BlackElo "2370"]
[PlyCount "102"]
[EventDate "1994.??.??"]
[EventType "team"]
[EventRounds "13"]
[EventCountry "HUN"]
[SourceTitle "EXT 1999"]
[Source "ChessBase"]
[SourceDate "1998.11.16"]
[SourceVersion "1"]
[SourceVersionDate "1998.11.16"]
[SourceQuality "1"]

1. e4 d6 2. d4 Nf6 3. Nc3 c6 4. f3 g6 5. Be3 Qa5 6. Qd2 b5 7. g4 h6 8. Nge2 Nbd7 9. Bg2 b4 10. Nd1 Ba6 11. 0-0 Bg7 12. Rf2 Rc8 13. a3 c5 14. Nc1 Bc4 15. b3 Ba6 16. Ra2 Nb8 17. dxc5 dxc5 18. axb4 Qxb4 19. Qxb4 cxb4 20. Bxa7 Bb5 21. Bf1 Bxf1 22. Kxf1 Nc6 23. Be3 h5 24. g5 Nd7 25. Nd3 0-0 26. Ra4 Ra8 27. N1b2 Rfc8 28. Rxa8 Rxa8 29. Na4 e6 30. Rd2 Nde5 31. Nxe5 Nxe5 32. Ke2 Bf8 33. f4 Nc6 34. Rd7 e5 35. Rc7 exf4 36. Rxc6 fxe3 37. Kxe3 Rd8 38. Nb6 Rd1 39. Kf3 Rg1 40. Nd5 Rxg5 41. Rb6 h4 42. Nxb4 h3 43. Nd5 Rg2 44. Nf6+ Kg7 45. Rc6 Rxh2 46. Kg3 Rh1 47. Ng4 Bb4 48. c3 Rc1 49. Kxh3 Rxc3+ 50. Rxc3 Bxc3 51. Ne3 Bd4 1/2-1/2

[Event "YUG-chT"]
[Site "Cetinje"]
[Date "1993.??.??"]
[Round "6"]
[White "Jevtic, Miodrag"]
[Black "Pikula, Dejan"]
[Result "0-1"]
[WhiteElo "2375"]
[BlackElo "2330"]
[PlyCount "102"]
[EventDate "1993.??.??"]
[EventType "team"]
[EventRounds "11"]
[EventCountry "YUG"]
[SourceTitle "EXT 2002"]
[Source "ChessBase"]
[SourceDate "2001.11.25"]
[SourceVersion "1"]
[SourceVersionDate "2001.11.25"]
[SourceQuality "1"]

1. e4 c5 2. Nf3 e6 3. d4 cxd4 4. Nxd4 Nc6 5. Nc3 a6 6. g3 Qb6 7. Nb3 Qc7 8. Bg2 Nf6 9. 0-0 Be7 10. f4 d6 11. Be3 0-0 12. g4 d5 13. exd5 Rd8 14. g5 Nxd5 15. Nxd5 exd5 16. f5 Qe5 17. Bf4 Qxf5 18. Bc7 Qxg5 19. Bxd8 Bh3 20. Qf3 Qxg2+ 21. Qxg2 Bxg2 22. Kxg2 Rxd8 23. c3 g6 24. Rad1 Ne5 25. Rfe1 f6 26. Re2 Kf7 27. a4 Nc4 28. Nd4 Bc5 29. b3 Ne5 30. h3 Bxd4 31. Rxd4 Rc8 32. Re3 Ke6 33. Rb4 Rc7 34. Rb6+ Ke7 35. Re2 g5 36. a5 h5 37. Rd2 Ng6 38. Kh2 Nf4 39. c4 dxc4 40. bxc4 Rxc4 41. Rdb2 Ra4 42. Rc2 Kf7 43. Rxb7+ Kg6 44. Rb6 Ra3 45. Rxa6 Rxh3+ 46. Kg1 Ra3 47. Ra8 g4 48. a6 g3 49. Rac8 Ra1+ 50. Rc1 Ne2+ 51. Kg2 Nxc1 0-1

[Event "YUG-chT"]
[Site "Cetinje"]
[Date "1993.??.??"]
[Round "2"]
[White "Marinkovic, Slavisa"]
[Black "Jevtic, Miodrag"]
[Result "1-0"]
[WhiteElo "2375"]
[BlackElo "2375"]
[PlyCount "59"]
[EventDate "1993.??.??"]
[EventType "team"]
[EventRounds "11"]
[EventCountry "YUG"]
[SourceTitle "EXT 2002"]
[Source "ChessBase"]
[SourceDate "2001.11.25"]
[SourceVersion "1"]
[SourceVersionDate "2001.11.25"]
[SourceQuality "1"]

1. e4 d6 2. d4 Nf6 3. Nc3 c6 4. f4 Qa5 5. Bd3 e5 6. Nf3 Bg4 7. Be3 Nbd7 8. Qd2 Be7 9. 0-0-0 b5 10. Kb1 exd4 11. Bxd4 b4 12. e5 bxc3 13. Bxc3 Qc7 14. exf6 Nxf6 15. Rde1 0-0 16. Ng5 h6 17. h3 Bc8 18. Bxf6 Bxf6 19. Nh7 Qd8 20. Nxf8 Kxf8 21. g4 Rb8 22. c3 Qa5 23. Bc2 d5 24. Bb3 g6 25. f5 g5 26. h4 Qd8 27. hxg5 hxg5 28. Rh6 Bg7 29. Qh2 Kg8 30. Rh1 1-0